Thermal Turbomachines (Record no. 337422)

MARC details
000 -LEADER
fixed length control field 00437nam a2200169Ia 4500
008 - FIXED-LENGTH DATA ELEMENTS--GENERAL INFORMATION
fixed length control field 230718s9999 xx 000 0 und d
020 ## - INTERNATIONAL STANDARD BOOK NUMBER
International Standard Book Number 9788126546855
041 ## - LANGUAGE CODE
Language code of text/sound track or separate title eng
082 ## - DEWEY DECIMAL CLASSIFICATION NUMBER
Classification number 621.406
Item number SIN
100 ## - MAIN ENTRY--PERSONAL NAME
Personal name Singh O.
9 (RLIN) 141998
245 ## - TITLE STATEMENT
Title Thermal Turbomachines
260 ## - PUBLICATION, DISTRIBUTION, ETC. (IMPRINT)
Date of publication, distribution, etc. 2014
Name of publisher, distributor, etc. Wiley
300 ## - PHYSICAL DESCRIPTION
Extent 269
365 ## - TRADE PRICE
Currency code Rs.
Price amount 439.00
700 ## - ADDED ENTRY--PERSONAL NAME
Personal name Singh O.
9 (RLIN) 141998
906 ## - LOCAL DATA ELEMENT F, LDF (RLIN)
d O:0405201-Aug-2014B:IN 23224-Jun-2014
c MECH
b 1097.5
Holdings
Withdrawn status Lost status Damaged status Not for loan Home library Current library Date acquired Vendor Budget Code Cost, normal purchase price Bill number Total Checkouts Full call number Barcode Date last seen Date last checked out Discount Cost, replacement price Bill Date Koha item type Original Barcode
        Cummins College of Engineering for Women Pune Cummins College of Engineering for Women Pune 01/08/2014 Pradeep Book Distributors MECH 329.25 IN 232 2 621.406 CCEP-BK-48629 29/05/2025 13/05/2025 1097.5 439.00 24/06/2014 Books 048629